Cost Accounting Simplified : Revised and Updated (Record no. 3319)

MARC details
005 - DATE AND TIME OF LATEST TRANSACTION
control field 20250610084242.0
020 ## - INTERNATIONAL STANDARD BOOK NUMBER
International Standard Book Number 9966-28-407-9
082 ## - DEWEY DECIMAL CLASSIFICATION NUMBER
Classification number 657 SAL
100 ## - MAIN ENTRY--PERSONAL NAME
Author name SALEEMI,N.
245 ## - TITLE STATEMENT
Title Cost Accounting Simplified : Revised and Updated
260 ## - PUBLICATION, DISTRIBUTION, ETC.
Place of publication, distribution, etc. Nairobi
Name of publisher, distributor, etc. Saleemi
Date of publication, distribution, etc. 2015
300 ## - PHYSICAL DESCRIPTION
Extent 445p.table
Dimensions 20.5 cm
942 ## - ADDED ENTRY ELEMENTS (KOHA)
Source of classification or shelving scheme Dewey Decimal Classification
Koha item type Books
Holdings
Date last seen Total checkouts Full call number Barcode Date last checked out Cost, replacement price Price effective from Koha item type Lost status Source of classification or shelving scheme Damaged status Not for loan Withdrawn status Home library Current library Shelving location Date acquired Cost, normal purchase price
06/24/2025 1 657 SAL DOM0001732 06/24/2025 117000.00 06/06/2025 Books   Dewey Decimal Classification       CBE Dodoma CBE Dodoma Special Reserve Collection 01/01/2020 39000.00